KEAGUNGAN ILMU / (Record no. 49531)

MARC details
000 -LEADER
fixed length control field 01167nam a2200349 i 4500
001 - CONTROL NUMBER
control field C2-0167741
003 - CONTROL NUMBER IDENTIFIER
control field PPAK
005 - DATE AND TIME OF LATEST TRANSACTION
control field 20250422123640.0
008 - FIXED-LENGTH DATA ELEMENTS--GENERAL INFORMATION
fixed length control field 980709t19931992my e | 1 may d
020 ## - INTERNATIONAL STANDARD BOOK NUMBER
International Standard Book Number 9836227083
Qualifying information paperback
040 ## - CATALOGING SOURCE
Original cataloging agency PPAK
Language of cataloging eng
Transcribing agency PPAK
Description conventions rda
041 1# - LANGUAGE CODE
Language code of text/sound track or separate title may
Language code of original eng
082 04 - DEWEY DECIMAL CLASSIFICATION NUMBER
Edition number 23
Classification number 297.01
090 00 - LOCALLY ASSIGNED LC-TYPE CALL NUMBER (OCLC); LOCAL CALL NUMBER (RLIN)
Classification number (OCLC) (R) ; Classification number, CALL (RLIN) (NR) 297.01
Feature heading ROS
Feature heading KIH
Classification number (OCLC) (R) ; Classification number, CALL (RLIN) (NR) 297.01
Feature heading ROS
Feature heading G
100 1# - MAIN ENTRY--PERSONAL NAME
Personal name Rosenthal, Franz,
Relator term author.
245 10 - TITLE STATEMENT
Title KEAGUNGAN ILMU /
Statement of responsibility, etc. FRANZ ROSENTHAL ; Penterjemah Syed Muhamad Dawilah Syed Abdullah
246 33 - VARYING FORM OF TITLE
Display text Translation of:
Title proper/short title Knowledge triumphant
264 #1 - PRODUCTION, PUBLICATION, DISTRIBUTION, MANUFACTURE, AND COPYRIGHT NOTICE
Place of production, publication, distribution, manufacture Kuala Lumpur :
Name of producer, publisher, distributor, manufacturer Dewan Bahasa dan Pustaka ,
Date of production, publication, distribution, manufacture, or copyright notice 1993
Date of production, publication, distribution, manufacture, or copyright notice ©1992
300 ## - PHYSICAL DESCRIPTION
Extent xv, 400 pages ;
Dimensions 22 cm
336 ## - CONTENT TYPE
Source rdacontent
Content type term text
337 ## - MEDIA TYPE
Source rdamedia
Media type term unmediated
338 ## - CARRIER TYPE
Source rdacarrier
Carrier type term volume
500 ## - GENERAL NOTE
General note Previously published: 1970. With new introd.
General note Includes index
650 10 - SUBJECT ADDED ENTRY--TOPICAL TERM
Topical term or geographic name entry element Knowledge, Theory of (Islam)
Topical term or geographic name entry element Learning and scholarship
General subdivision History
Chronological subdivision Medieval, 500-1500.
Topical term or geographic name entry element Islamic learning and scholarship.
700 0# - ADDED ENTRY--PERSONAL NAME
Personal name Syed Muhamad Dawilah Syed Abdullah,
Relator term translator.
942 ## - ADDED ENTRY ELEMENTS (KOHA)
Koha item type Book
Source of classification or shelving scheme Dewey Decimal Classification
Holdings
Withdrawn Not for loan Current library Shelving location Date acquired Full call number Barcode Date last seen Koha item type Total Checkouts
  Not For Loan Perpustakaan Alor Setar Koleksi Ismail Hussein 09/07/1998 KIH 297.01 ROS A00170640 08/05/2018 Book  
    Perpustakaan Alor Setar Pinjaman Dewasa 23/04/2025 297.01 ROS A00748768 23/04/2025 Book  
  Not For Loan Perpustakaan Baling Koleksi Ismail Hussein 09/07/1998 KIH 297.01 ROS A00170639 08/05/2018 Book